000 00589nam a2200181Ia 4500
005 20250508151608.0
008 008 250505s9999 xx 000 0 eng d
037 _aBooks to be hide in OPAC
040 _aFEDL
_beng
_cFEDL
041 _aeng
_2eng
084 _a310, STE/O
_qFEDL
100 _aSteinberg S H
245 0 _aStatesman's year-book : Statistical and historical annual of the states of the world for the year 1955
260 _aNew York, USA
_bMacmillan and Company Ltd.
_c1955
300 _axxiv,1620p.
942 _cHB
_h310, STE/O
999 _c1330866
_d1330866